000 00682nam a2200205Ii 4500
003 JO-AjNU
008 230605s9999||||xx |||||||||||||| ||und||
040 _aJO-AjNU
_bara
_erda
_cJO-AjNU
041 _aara
050 1 4 _aDT95.H2.A7 1982
100 3 _aتاليف تامر، عارف,
_eauthor
_919374
245 0 0 _aالحاكم بأمر الله: خليفة، وإمام، ومصلح
250 _aط1
264 3 1 _aبيروت: دار الافاق الجديدة، 1982
300 _a176ص
336 _atext
_btxt
_2rdacontent
337 _aunmediated
_bn
_2rdamedia
338 _avolume
_bnc
_2rdacarrier
650 4 _aتراجم-الخلافة الفاطمية-تاريخ
_919375
999 _aA6380
_c9948
_d9948